000 00309nam a2200109Ia 4500
008 200302s9999 xx 000 0 und d
100 _aAndre Gabriel
245 _aGuide De Larchitecture Des Monuments To the Architecture of Monuments Paris
260 _bA Alternatives Ltd.
260 _c1998
300 _a287 P.,
999 _c2203
_d2203